Statistics for Fast Backwards Typing of the QWERTY keyboard

Click here to take the quiz!

General Stats

  • This quiz has been taken 179 times
  • The average score is 23 of 26

Answer Stats

Answer% Correct
M
100%
N
98%
B
96%
V
96%
C
96%
X
95%
Z
94%
L
93%
K
93%
J
93%
H
92%
G
91%
F
91%
D
89%
S
88%
A
88%
P
86%
O
85%
I
85%
U
85%
Y
82%
T
82%
R
81%
E
81%
W
80%
Q
78%

Score Distribution

Percentile by Number Answered

Percent of People with Each Score

Your Score History

You have not taken this quiz